000 00746cab a2200217 4500
001 ABS52980
008 090401t1995 xxu||||| |||| 00| 0 eng d
035 _a(Sirsi) u1196
041 _aeng
100 _aD'Arcy, J.
245 _aContract law: the battle begins
260 _c1995
350 _a0
490 _aContract Journal
_v378(6026) 25 May 1995, 12(1)
520 _aDescribes the construction industry`s reaction to the consultation paper on Fair Construction Contracts, which puts foward proposals for legislation to underpin standard forms of contract.
650 _aBUILT ENVIRONMENT-BUILDING CONTRACT FORMS
650 _aTRUST FUNDS
690 _aBUILT ENVIRONMENT-BUILDING CONTRACT FORMS
942 _n0
948 _c04/03/1997
999 _c651
_d651